01559 2200349 4500001002100000005001500021035002000036090000600056020002200062100002900084650004300113245008800156264002000244008004100264082000800305084001700313250002200330260004000352300004100392700002200433504002700455520057700482990001801059990001601077990001601093990001601109990001801125990001601143990001601159990001801175990001601193INLIS00000000002159020221019082419 a0010-0619021590 28 a978-602-6227-17-10 aAira Kimberlyepengarang 4aBiografi Pahlawan Nasional - Bung Tomo1 aBung Tomo :bpandu garuda yang pantang menyerah /cAira Kimberly; editor, Fina Insi ee Media Pustaka221019 c 0 ind  a928 aSR 928 AIR b aCetakan Juli 2022 aJakarta :bBee media pustaka,c2022 avi, 66 halaman :bIlustrasi ;c21 cm0 aFina Insieeditor aBibliografi halaman 66 aKesulitan tidak mematahkan harapan Bung Tomo untuk memperoleh pendidikan yang lebih tinggi. Setiap kesempatan digunakannya untuk melanjutkan pendidikannya. Bahkan, Bung Tomo dikabarkan berhasil meneruskan sekolahnya hingga ke HBS (Horgere Burger School). Dia belajar melalui proses korespondensi atau surat menyurat. Selain bekerja keras dan belajar, Bung Tomo juga aktif dalam kegiatan kepanduan. Pasa masa itu gerakan kepanduan dikenal dengan nama Kepanduan Bangsa Indonesia atau KBI. Sementara itu, pada masa sekarang gerakan kepanduan dikenal sebagai Gerakan Pramuka. a026308.043025 a49769.62589 a49770.62590 a49769.62589 a026308.043025 a49770.62590 a49770.62590 a026308.043025 a49769.62589